00445nam a2200145 a 4500008004100000020001500041050001500056100002000071245005100091260004300142300002100185350000900206650003700215650004700252120416s1989 ||||||||||||||||| || u a0442318472 aRA 967 Kle aKlein, Burton R10aHealth care facility planning and construction aNew York:bVan Nostrand Reinholdc1989 axv, 264p. : ill. a0.00 aFACILITY DESIGN AND CONSTRUCTION aHEALTH FACILITIES--DESIGN AND CONSTRUCTION